Zmeny vekovej štruktúry obyvateľstva Slovenska
Stav obyvateľstva ako výsledok populačného vývoja. Zmeny vekovej štruktúry v druhej polovici 20. storočia. Vývoj štruktúry obyvateľstva podľa veku a pohlavia. Nástup starnutia populácie. Prognózy, možné opatrenia.
Salvato in:
| Autore principale: | |
|---|---|
| Natura: | Capitolo di libro |
| Lingua: | slovacco |
| Soggetti: | |
| Tags: |
Nessun Tag, puoi essere il primo ad aggiungerne!!
|
MARC
| LEADER | 00000naa$a2200000$$$4500 | ||
|---|---|---|---|
| 001 | 0110436 | ||
| 005 | 20240502072223.0 | ||
| 041 | 0 | |a slo | |
| 044 | |a SK | ||
| 245 | 1 | 0 | |a Zmeny vekovej štruktúry obyvateľstva Slovenska |c Zuzana Finková |
| 520 | |a Stav obyvateľstva ako výsledok populačného vývoja. Zmeny vekovej štruktúry v druhej polovici 20. storočia. Vývoj štruktúry obyvateľstva podľa veku a pohlavia. Nástup starnutia populácie. Prognózy, možné opatrenia. | ||
| 610 | 2 | 0 | |a vývoj populačný |
| 610 | 2 | 0 | |a štruktúra obyvateľstva |
| 610 | 2 | 0 | |a Slovensko |
| 610 | 2 | 0 | |a starnutie populácie |
| 100 | 1 | |a Finková, Zuzana | |